000
00296nam a22001337a 4500
008
170323b xxu||||| |||| 00| 0 eng d
020
_a
9781401858490
041
_a
eng
080
_2
5ED
_a
616.9
100
_a
8
101
_a
SHM
245
_a
CLINICAL CALCULATIONS
_c
DANIELS.J.M
942
_2
udc
_c
BK
999
_c
8432
_d
8432